Romanze F dur Op. 118 Nr. 5 /

Hlavní autor: Brahms, Johannes, 1833-1897
Další autoři: Mayer-Mahr, Moritz, 1869-1947
Jazyk: Nelze použít, není lingvistický obsah
Vydáno: Mainz : B. Schott's Söhne, c1925
Edice: Edition Schott Einzel-Ausgabe
Fyzický popis: 1 partitura (6 s.)
Hudebniny Hudebniny
Uloženo v:
LEADER 00999ncm a22002772a 4500
001 001436980
003 CZ BrMZK
005 20141114095650.0
007 qu
008 141112s1925 gw ||||| |||||||||||zxx d
040 |a BOA001  |b cze 
072 7 |a 786  |x Hudba pro klávesové nástroje  |2 Konspekt  |9 9 
100 1 |a Brahms, Johannes,  |d 1833-1897  |7 jn19990001019  |4 cmp 
245 1 0 |a Romanze F dur  |h [hudebnina] :  |b Op. 118 Nr. 5 /  |c Johannes Brahms ; Revisions-Ausgabe Mayer-Mahr 
260 |a Mainz :  |b B. Schott's Söhne,  |c c1925 
300 |a 1 partitura (6 s.) 
490 1 |a Edition Schott Einzel-Ausgabe ;  |v 07566 
500 |a Převzato z N. Simrock 
500 |a Pod názvem: Klavierwerke 
700 1 |a Mayer-Mahr, Moritz,  |d 1869-1947  |7 xx0056409  |4 arr 
740 0 2 |a Klavierwerke 
830 0 |a Edition Schott Einzel-Ausgabe 
910 |a BOA001  |b Mus4-0165.000,07566 
990 |a MU 
991 |b 201411 
996 6 |b 2619021204  |c Mus4-0165.000,07566  |l MZK  |r Sklad / do 1 hodiny  |n 0  |w 001471722  |u 000010  |a 1  |e BOA001  |j MZK50  |s P